Estatísticas para Os 10 principais países afetados pela Covid-19 - 8 de abril

Clique aqui para jogar o quiz

Estatísticas Gerais

  • Esse quiz foi jogado 13 vezes
  • A pontuação média é 9 de 14

Estatísticas das Respostas

número por
milhão
country% Correto
China
100%
3170Espanha
100%
2306Itália
100%
1314Estados Unidos
92%
1730França
83%
Reino Unido
75%
1352Alemanha
67%
2019Bélgica
67%
Irão
67%
1289Portugal
58%
2690Suíça
42%
1437Áustria
33%
Turquia
25%
1320Irlanda
17%

Distribuição das Pontuações

Percentil de Números Respondidos

Porcentagem de Pessoas com Cada Pontuação

Sua Pontuação Histórica

Você não jogou esse quiz